[Event "Madrid-ch sf-A"]
[Site "Madrid"]
[Date "2011.01.17"]
[Round "1"]
[White "Perez Gonzalez, Jose Manuel"]
[Black "Quintero Torres, Pedro"]
[Result "1-0"]
[WhiteElo "2279"]
[BlackElo "1968"]
[PlyCount "125"]
[EventDate "2011.01.17"]
[EventType "swiss"]
[EventRounds "9"]
[EventCountry "ESP"]
[SourceTitle "CBM 140 Extra"]
[Source "ChessBase"]
[SourceDate "2011.03.01"]
[SourceVersion "1"]
[SourceVersionDate "2011.03.01"]
[SourceQuality "1"]

1. e4 c5 2. Nf3 e6 3. d4 cxd4 4. Nxd4 Nc6 5. Nc3 Nf6 6. Ndb5 Bb4 7. a3 Bxc3+ 8. Nxc3 d5 9. exd5 exd5 10. Bd3 0-0 11. 0-0 d4 12. Ne2 Bg4 13. f3 Bh5 14. Bg5 Qd6 15. Qe1 Bg6 16. Rd1 Rfe8 17. Qf2 Bxd3 18. Rxd3 Qe5 19. Bxf6 Qxe2 20. Bxd4 Nxd4 21. Rxd4 Rac8 22. c3 Qb5 23. Rd2 Rcd8 24. Rfd1 Rxd2 25. Rxd2 h6 26. h3 a6 27. Kh2 Qa4 28. Qd4 Qc6 29. Qd7 Qxd7 30. Rxd7 b5 31. Rd2 Re6 32. Kg1 g6 33. Kf2 Kg7 34. Re2 Rd6 35. Ke3 Kf6 36. Rd2 Rc6 37. Rd4 Ke6 38. Kd3 f5 39. a4 g5 40. axb5 axb5 41. Kc2 Rc5 42. Kb3 Re5 43. Rd2 h5 44. c4 g4 45. hxg4 hxg4 46. fxg4 fxg4 47. cxb5 Rxb5+ 48. Kc4 Rf5 49. b4 Rf1 50. b5 Rb1 51. Kc5 Ke5 52. Re2+ Kf4 53. b6 Rc1+ 54. Kd6 Rd1+ 55. Kc7 Rc1+ 56. Kb8 Kg3 57. b7 Kh2 58. Ra2 Rg1 59. Ka8 Rxg2 60. b8Q+ g3 61. Qh8+ Kg1 62. Ra1+ Kf2 63. Qd4+ 1-0